Mission in praise, word, and deed : (Record no. 1655)
[ view plain ]
| 000 -LEADER | |
|---|---|
| fixed length control field | 04551cam a2200373 i 4500 |
| 001 - CONTROL NUMBER | |
| control field | data |
| 005 - DATE AND TIME OF LATEST TRANSACTION | |
| control field | 20260322212111.0 |
| 008 - FIXED-LENGTH DATA ELEMENTS--GENERAL INFORMATION | |
| fixed length control field | data |
| 035 ## - SYSTEM CONTROL NUMBER | |
| System control number | 23277861 |
| 010 ## - LIBRARY OF CONGRESS CONTROL NUMBER | |
| LC control number | 2023944619 |
| 020 ## - INTERNATIONAL STANDARD BOOK NUMBER | |
| International Standard Book Number | 9781645085133 |
| Qualifying information | (paperback) |
| 020 ## - INTERNATIONAL STANDARD BOOK NUMBER | |
| Canceled/invalid ISBN | 9781645085157 |
| Qualifying information | (epub) |
| 040 ## - CATALOGING SOURCE | |
| Original cataloging agency | DLC |
| Language of cataloging | eng |
| Description conventions | rda |
| Transcribing agency | DLC |
| Modifying agency | DLC |
| 042 ## - AUTHENTICATION CODE | |
| Authentication code | pcc |
| 050 00 - LIBRARY OF CONGRESS CALL NUMBER | |
| Classification number | BV2061.3 |
| Item number | .M56 2023 |
| 245 00 - TITLE STATEMENT | |
| Title | Mission in praise, word, and deed : |
| Remainder of title | reflections on the past and future of global mission / |
| Statement of responsibility, etc. | Edward Smither & Jessica Udall, editors. |
| 264 #1 - PRODUCTION, PUBLICATION, DISTRIBUTION, MANUFACTURE, AND COPYRIGHT NOTICE | |
| Place of production, publication, distribution, manufacture | Littleton, CO : |
| Name of producer, publisher, distributor, manufacturer | William Carey Publishing, |
| Date of production, publication, distribution, manufacture, or copyright notice | 2023. |
| 300 ## - PHYSICAL DESCRIPTION | |
| Extent | xxii, 201 pages : |
| Other physical details | illustrations ; |
| Dimensions | 23 cm |
| 336 ## - CONTENT TYPE | |
| Content type term | text |
| Content type code | txt |
| Source | rdacontent |
| 337 ## - MEDIA TYPE | |
| Media type term | unmediated |
| Media type code | n |
| Source | rdamedia |
| 338 ## - CARRIER TYPE | |
| Carrier type term | volume |
| Carrier type code | nc |
| Source | rdacarrier |
| 504 ## - BIBLIOGRAPHY, ETC. NOTE | |
| Bibliography, etc. note | Includes bibliographical references. |
| 505 0# - FORMATTED CONTENTS NOTE | |
| Formatted contents note | Introduction: Trends in the past and future of mission / Robert J. Priest -- Part 1: Mission in Praise -- The future of mission is local worship / Robin P. Harris -- Trauma care and the arts in mission / Wendy Atkins -- Prayer and spiritual warfare in global mission / David Cashin, Victor H. Cuartas -- Part 2: Mission in Word-Evangelism -- Evangelism in one verse / Bill Jones -- Evangelism in a secular world / Raphael Anzenberger -- Gospel-centered relationships with Muslims / Trevor Castor -- Building God's kingdom in public universities / Danny McCain -- Part 3: Mission in Word- Discipleship and Training -- Experiencing the adventure of Bible translation / Ted B. Wingo -- Informal theological education : the case of Shepherds Global Classroom / Timothy Keep -- Critical shifts : lessons in church planting in Europe / Dietrich Schindler -- Coaching church planters in central Europe, Russia, and Central Asia / Rick Amos -- Part 4: Mission in Deed -- Mission as transformation : five critical elements / Bekele Shanko -- We cracked the code : lessons learned in business as mission / Brent McHugh -- Long-term medical mission in the Middle East / Dae-Young Lee -- Best practices in short-term medical mission / Jill McElheny -- Best practices for refugee ministry in the Middle East / Jairo de Oliveira -- Part 5: The People of Praise, Word, and Deed in Mission -- Revitalizing the house church tradition : a viable path for the churches in China / Zhiqiu Xu -- From South to North : Sub-Saharans in mission of God / William A. Brown -- Lessons learned on multicultural teams / Sean Christensen -- Majority world partnerships in mission / Ken Katayama -- Part 6: Final Reflections -- A piece in God's global mission puzzle / Steve Richardson. |
| 520 ## - SUMMARY, ETC. | |
| Summary, etc. | "Listening to the Voices of Global Practitioners In Christian mission, we cross boundaries between the people of God and the non-yet people of God, declaring "[God's] glory among the nations" (Ps 96:3). Mission begins and ends in worship. In mission, we proclaim the death, burial, and resurrection of Christ. We also care for the whole person. Thus, at its core, mission intertwines praise, word, and deed. This book represents the latest in missiological thinking. Though some contributors are scholars and even professors, most are field practitioners -evangelists, church planters, Bible translators, medical professionals, refugee workers, and community development specialists. Based on decades of faithful service, they report on what they have learned about mission. Mission in Praise, Word, and Deed addresses a wide range of critical concerns, such as informal theological education, Bible translation, business as mission, trauma care, and working on multicultural teams. As we ponder best mission practices, it's wise to hear from global practitioners-those who have been at it for a long time. This book represents the diversity of the global church. They are men and women from Africa, Asia, Latin America, North America, and Europe who have served or presently serve in places across the world. These contributors share the conviction that the future of missions involves a growing global church and missionary workforce joining hands to complete the Great Commission amid severe opposition and disruption"-- |
| Assigning source | Provided by publisher. |
| 650 #0 - SUBJECT ADDED ENTRY--TOPICAL TERM | |
| Topical term or geographic name entry element | Missions. |
| 650 #0 - SUBJECT ADDED ENTRY--TOPICAL TERM | |
| Topical term or geographic name entry element | Missions |
| General subdivision | Practice. |
| 650 #0 - SUBJECT ADDED ENTRY--TOPICAL TERM | |
| Topical term or geographic name entry element | Missions |
| General subdivision | History. |
| 700 1# - ADDED ENTRY--PERSONAL NAME | |
| Personal name | Smither, Edward L., |
| Relator term | editor. |
| 700 1# - ADDED ENTRY--PERSONAL NAME | |
| Personal name | Udall, Jessica A., |
| Relator term | editor. |
| 906 ## - LOCAL DATA ELEMENT F, LDF (RLIN) | |
| a | 7 |
| b | cbc |
| c | orignew |
| d | 2 |
| e | epcn |
| f | 20 |
| g | y-gencatlg |
| 925 0# - | |
| -- | acquire |
| -- | 1 shelf copy |
| -- | policy default |
| 985 ## - | |
| -- | PCSC contract |
| Withdrawn status | Lost status | Damaged status | Not for loan | Home library | Current library | Shelving location | Date acquired | Total checkouts | Full call number | Barcode | Date last seen | Price effective from | Koha item type |
|---|---|---|---|---|---|---|---|---|---|---|---|---|---|
| Institut Protestant de Théologie | Institut Protestant de Théologie | General stacks | 22/03/2026 | BV2061.3 | LOC-IPT-00046 | 22/03/2026 | 22/03/2026 | Books |